000 nam a22 a 4500
999 _c247
_d247
003 AKMAL
005 20170427170551.0
008 170427s2006 my a e | 000 0 may d
020 _a967611801X (kkt.) :
_cRM20.00
082 0 4 _a352.6309595 MUH
_222
090 0 0 _a352.6309595
_bMUH
100 0 _aMuhamad Ali Embi,
_d1968-
_9552
245 1 0 _aCabaran melaksanakan sistem saraan berasaskan merit di sektor awam /
_cMuhamad Ali Embi
260 _aKuala Lumpur :
_bUtusan Publications & Distributors,
_c2006
300 _axviii, 174 ms. :
_bil. ;
_c24cm.
504 _aBibliografi : ms. 151-172
650 1 0 _aCivil service reform
_zMalaysia
_9540
651 0 _aMalaysia
_xOfficials and employees
_xSalaries, etc.
_9553
942 _2ddc
_cBOOK